Revízie elektrotechnických zariadení a možné následky ich nedodržiavania

Bibliographic Details
Main Author: Frič, Helmut (Author)
Format: Article
Language:Slovak
PhysicalDescription:Sch. 10.
Subjects:

MARC

LEADER 00000nab a2200000 a 4500
001 vtls000289210
003 SK-MaSNL
005 20260302220239.0
008 220422c1987 xo 0 slo
015 |a SNBRA19rr/mm-uuuuu 
035 |a CL0299329 
040 |a SNKBUCL  |b slo  |c SNKBUCL  |e AACR2 
041 0 |a slo 
044 |a xo  |c SK 
080 |a 614.841.41:621.3.001.73  |2 1981 
080 |a 621.3.001.73  |2 1981 
100 1 |a Frič, Helmut  |4 aut  |9 352058 
245 1 0 |a Revízie elektrotechnických zariadení a možné následky ich nedodržiavania  |c Helmut Frič 
300 |b Sch. 10. 
650 0 7 |a zariadenia elektrotechnické  |2 snkbucl  |9 945731 
650 0 7 |a požiare  |2 snkbucl  |9 1504 
655 7 |a články zo zborníkov  |2 snkbucl  |9 166140 
773 0 |t Bezpečnosť práce pri zváraní - efektívnosť výuky a skúsenosti z praxe  |d Bratislava : Dom techniky ČSVTS, 1987  |g S. 52-65 
850 |a Slovenská národná knižnica v Martine  |a MTA001 
852 |a SNK  |b KIS3GCP 
958 |a RK 
958 |a ME 
992 |a RZB 
999 |c 1506213  |d 1508143